00418nam a22001337a 450000500170000000800410001704100130005808200120007110000130008324500450009626000850014130000320022665000260025820240510102401.0240510b |||||||| |||| 00| 0 eng d aEnglish  a349 LAW lEnglish  aThe Law Reports: Queen's Bench Division  aLondon: bThe Incorporated Council of Law Reporting for England and Wales,c1987 bxxiii, 1136 pages; c25 cm. aLegal practice bLaw